Mobile Legends Indonesia Esports Club - Statistics

General Stats
  • This quiz has been taken 61 times
  • The average score is 6 of 42
Answer Stats
Tournament Answer % Correct
MPL Alter Ego
74%
MPL Rex Regum Qeon
69%
MPL Evos Legends
61%
MPL Onic Esports
54%
MPL AURA Fire
44%
MPL Bigetron Alpha
41%
Former MPL Team NXL
35%
Former MPL Aerowolf Pro Team
33%
MPL Dewa United Esports
24%
MPL Rebellion Zion
22%
MPL Geek Fam ID
15%
Former MPL Boom JR
13%
Former MPL Louvre Esports
13%
Former MPL Saints Indo
11%
MDL Geng Kapak
9%
MDL Pabz Esports
6%
Former MPL Pandora Esports
6%
MDL Recca Esports
6%
MDL Siren Esports
6%
Former MPL The Prime
6%
MDL Victim Esports
6%
MDL Yasbih Esports
6%
MDL A8 Pabz
4%
MDL Bossque Esports
4%
MDL Co2Z Esports
4%
MDL Graviz Esports
4%
MDL Kings Esports
4%
MDL Kylo Esports
4%
MDL Pajajaran Esports
4%
MDL Pendekar Esports
4%
Former MPL Star 8 Esports
4%
Former MPL Team Capcorn
4%
Former MPL Domino's Hunters
2%
Former MPL Elite 8 Critical Reborn
2%
Former MPL Team Rev Indo
2%
MDL DNS Hammersonic Romeo
0%
MDL Freakout BjB
0%
MDL Jordan Legends
0%
MDL Opi Pegasus
0%
Former MPL SFI Critical
0%
MDL Siren Clan
0%
MDL XCN Kings
0%
No matching quizzes found
Score Distribution
Percent of People with Each Score
Percentile by Number Answered
Your Score History
You have not taken this quiz